000 03243cam a2200493 4500500
005 20260208003435.0
041 _afre
042 _adc
100 1 0 _aWilliams, Dyfri
_eauthor
245 0 0 _aCaptain Donnelly's altar and the Delian Prytaneion
260 _c2004.
500 _a3
520 _aAu cours de l’année 1802, Lord et Lady Elgin, accompagnés du chirurgien Richard Thompson, quittent Le Pirée pour Constantinople, à bord du Narcissus, frégate commandée par le Capitaine Donnelly. Les voyageurs s’arrêtent à Sounion, Zéa, Porto Raphti, Délos et Rhénée, Paros et Samos. La frégate devant faire route vers Alexandrie, Lord et Lady Elgin et leur suite gagnent alors Constantinople par voie terrestre. L’article aboutit à l’identification, dans les réserves du British Mus., des sculptures embarquées durant ce voyage et passées en Angleterre dans la collection de Lord Spencer avant d’arriver au musée. Par regroupement, D. W. parvient à démontrer que 3 sculptures doivent provenir d’Alexandrie. Un autel circulaire, orné d’une ronde de 8 danseuses doit, comme le mentionnent le journal de R. Thompson et diverses correspondances, provenir du Prytanée de Délos. Il appartient à un type bien attesté au IIe av. J.-C. La dédicace mentionne un Zopyros, connu par ailleurs et qui aurait offert cet autel à Hestia et au Démos.
520 _aDuring 1802, Lord and Lady Elgin, together with the surgeon Richard Thompson, sailed towards Constantinople on board HMS Narcissus, a frigate under the command of Captain Donnelly. The passengers touched at Sunium, Zea, Porto Raphti, Delos and Rhenia, Paros and Samos. The frigate was ordered to Alexandria and Lord Elgin and his suite made their way to Constantinople overland. The article identifies, in the reserves of the British Mus., the sculptures brought on board during the journey they passed through the collection of Lord Spencer before finally ending up in the museum. Cross-checking allows D. W. to prove that 3 sculptures come from Alexandria. A circular altar, with 8 dancing women, must come from the Prytaneion on Delos. The altar belongs to a series well attested in the 2nd century B. C. The dedication mentions a certain Zopyros, known from other inscriptions, who would have offered it to Hestia and to the Demos.
690 _aAlexandrie
690 _aAutel
690 _aDélos
690 _aÉgypte
690 _aÉpigraphie
690 _aGrèce
690 _aHaut-relief
690 _aIconographie
690 _aIIe av. J.-C.
690 _aLord Elgin
690 _aMonde grec
690 _aMonde romain
690 _aSculpture
690 _aVoyage par mer
690 _a2nd century B. C.
690 _aAlexandria
690 _aDelos
690 _aEgypt
690 _aEpigraphy
690 _aGreece
690 _aGreek world
690 _aIconography
690 _aJourney
690 _aLord Elgin
690 _aRelief
690 _aRoman world
690 _aSculpture
786 0 _nRevue archéologique | 37 | 1 | 2004-03-01 | p. 51-68 | 0035-0737
856 4 1 _uhttps://shs.cairn.info/revue-archeologique-2004-1-page-51?lang=fr&redirect-ssocas=7080
999 _c1647996
_d1647996